起点から終点まで 5駅以下の路線 - Statistics

General Stats
  • This quiz has been taken 525 times
    387 since last reset
  • The average score is 29 of 71
Answer Stats
路線 駅一覧 % Correct
2 東武大師線 西新井−大師前
75%
2 芝山鉄道線 東成田−芝山千代田
65%
2 京王競馬場線 東府中−府中競馬正門前
63%
2 京王動物園線 高幡不動−多摩動物公園
61%
5 JR留萌本線 深川−北一已−秩父別−北秩父別−石狩沼田
61%
3 東急こどもの国線 長津田−恩田−こどもの国
60%
3 名鉄空港線 常滑−りんくう常滑−中部国際空港(セントレア)
60%
3 西武山口線 多摩湖−西武園ゆうえんち−西武球場前
59%
2 名古屋市営上飯田線 平安通−上飯田
58%
3 南海空港線 泉佐野−りんくうタウン−関西空港
58%
4 JR日高本線 苫小牧−勇払−浜厚真−鵡川
57%
2 JR宮崎空港線 田吉−宮崎空港
57%
3 京成金町線 京成高砂−柴又−京成金町
56%
3 西武有楽町線 練馬−新桜台−小竹向原
56%
2 西武豊島線 練馬−豊島園
54%
2 西武西武園線 東村山−西武園
54%
2 京成東成田線 京成成田−東成田
52%
3 東急新横浜線 日吉−新綱島−新横浜
52%
3 相鉄新横浜線 新横浜−羽沢横浜国大−西谷
52%
5 東武亀戸線 曳舟−小村井−東あずま−亀戸水神−亀戸
49%
4 北海道新幹線 新青森−奥津軽いまべつ-木古内−新函館北斗
48%
4 京急逗子線 金沢八景−六浦−神武寺−逗子・葉山
48%
5 西武国分寺線 国分寺−恋ヶ窪−鷹の台−小川−東村山
47%
4 仙台空港線 名取−杜せきのした−美田園−仙台空港
46%
3 西武狭山線 西所沢−下山口−西武球場前
46%
3 JR関西空港線 日根野−りんくうタウン−関西空港
46%
3 関東鉄道竜ヶ崎線 佐貫−入地−竜ヶ崎
44%
4 阪急嵐山線 桂−上桂−松尾大社−嵐山
44%
5 JR東金線 大網−福俵−東金−求名−成東
44%
5 紀州鉄道線 御坊−学門−紀伊御坊−市役所前−西御坊
43%
4 近鉄天理線 平端−二階堂−前栽−天理
42%
4 阪急伊丹線 塚口−稲野−新伊丹−伊丹
42%
4 JR桜島線 西九条−安治川口−ユニバーサルシティ−桜島
42%
5 名鉄豊川線 国府−八幡−諏訪町−稲荷口−豊川稲荷
41%
2 名鉄築港線 大江−東名古屋港
41%
4 阪神武庫川線 武庫川−東鳴尾−洲先−武庫川団地前
41%
5 京阪中之島線 中之島−渡辺橋−大江橋−なにわ橋−天満橋
40%
2 南海和歌山港線 和歌山市−和歌山港
40%
3 近鉄難波線 大阪難波−近鉄日本橋−大阪上本町
39%
4 阪急箕面線 石橋阪大前−桜井−牧落−箕面
39%
3 阪急甲陽線 夙川−苦楽園口−甲陽線
39%
5 西九州新幹線 武雄温泉−嬉野温泉−新大村−諫早−長崎
39%
3 近鉄道明寺線 道明寺−柏原南口−柏原
38%
3 南海高師浜線 羽衣−伽羅橋−高師浜
38%
3 西鉄太宰府線 西鉄二日市−西鉄五条−大宰府
38%
4 近鉄御所線 尺土−近鉄新庄−忍海−近鉄御所
37%
3 京阪鴨東線 三条−神宮丸太町−出町柳
37%
2 名鉄羽島線 江吉良−新羽島
36%
5 近鉄鳥羽線 宇治山田−五十鈴川−朝熊−池の浦−鳥羽
36%
3 近鉄信貴線 河内山本−服部川−信貴山口
36%
4 南海多奈川線 みさき公園−深日町−深日港−多奈川
36%
4 JR赤羽線 池袋−板橋−十条−赤羽
36%
4 阪急神戸高速線 新開地−高速神戸−花隈−神戸三宮
35%
5 近鉄鈴鹿線 伊勢若松−柳−鈴鹿市−三日市−平田町
34%
2 神戸電鉄神戸高速線 新開地−湊川
34%
2 JR博多南線 博多−博多南
34%
4 神戸電鉄公園都市線 横山−フラワータウン−南ウッディタウン−ウッディタウン中央
31%
2 四日市あすなろう鉄道八王子線 日永−西日野
28%
2 神戸市営北神線 新神戸−谷上
27%
5 大阪モノレール彩都線 万博記念公園−公園東口−阪大病院前−豊川−彩都西
26%
4 ディズニーリゾートライン リゾートゲートウェイ・ステーション−東京ディズニーランド・ステーション−ベイサイド・ステーション−東京ディズニーシー・ステーション
25%
4 JR内子線 新谷−喜多山−五十崎−内子
24%
3 近江鉄道多賀線 高宮−スクリーン−多賀大社前
23%
2 能勢電鉄日生線 山下−日生中央
23%
5 一畑電車大社線 川跡−高浜−遥堪−浜山公園北口−出雲大社前
23%
4 阿佐海岸鉄道阿佐東線 (阿波海南−)海部−宍喰(−甲浦)
20%
4 平成筑豊鉄道門司港レトロ観光線 九州鉄道記念館−出光美術館−ノーフォーク広場−関門海峡めかり
17%
4 嵯峨野観光線 トロッコ嵯峨−トロッコ嵐山−トロッコ保津峡−トロッコ亀岡
14%
3 熊本電鉄藤崎線 北熊本−黒髪町−藤崎宮前
14%
3 富士山麓電気鉄道河口湖線 富士山−富士急ハイランド−河口湖
13%
5 富山地方鉄道不二越線 稲荷町−栄町−不二越−大泉−南富山
12%
No matching quizzes found
Score Distribution
Percent of People with Each Score
Percentile by Number Answered
Your Score History
You have not taken this quiz since the last reset